000 01044nam a2200325 i 4500
001 50031
003 KOSZ 005
005 20210930130608.0
008 950505s1967 gw a g |000 0 ger d
040 _cKOSZ 005
_aKOSZ005
_dKOSZ 005/HR
041 0 _ager
046 _k1967
080 _a75(430)
100 1 _aGrohn, Hans Werner
_eAutor
245 1 0 _aHans Holbein /
_c Hans Werner Grohn.
260 _aBergisch Gladbach :
_bBastei-Verlag Gustav H. Lübbe,
_c1967.
300 _a[7] s., [XVI] k. :
_bil. ;
_c36 cm.
380 _aKsiążki
388 _a1901-2000
388 _a1945-1989
490 1 _aBastei Galerie der grossen Maler
_vNr. 16
600 1 _aHolbein, Hans
_d(ca 1497-1543)
648 4 _a1501-1600
650 4 _aMalarze niemieccy
655 4 _aMalarstwo niemieckie
658 _aKultura i sztuka
830 0 _aBastei Galerie der grossen Maler
856 _uhttp://koha.tu.koszalin.pl/cgi-bin/koha/opac-detail.pl?biblionumber=50031
_yKatalog online BPK
942 _cKS
_2UKD
999 _c50031
_d50031